| 000 | 00408nam a2200157Ia 4500 | ||
|---|---|---|---|
| 005 | 20241219051200.0 | ||
| 008 | 240331s9999 xx 000 0 und d | ||
| 020 | _a9559052314 | ||
| 082 |
_bCEN _24644 _a305 |
||
| 245 | 0 |
_aFacets of Change _bWomen in Sri Lanka 1986-1995 |
|
| 260 |
_aColombo _bCentre for Women's Research _c1995 |
||
| 300 | _a419 p., | ||
| 650 | _aWomen | ||
| 700 |
_aCENWOR _eedt |
||
| 942 | _cL | ||
| 999 |
_c1416 _d1416 |
||